Complementarity in mathematics : a first introduction to the foundations of mathematics and its history
Αποθηκεύτηκε σε:
| Κύριος συγγραφέας: | |
|---|---|
| Μορφή: | Βιβλίο |
| Γλώσσα: | English |
| Δημοσίευση: |
Dordrecht, Holland : Boston : Hingham, Mass. :
D. Reidel Pub. Co., sold and distributed in the U.S.A., Canada, and Mexico by D. Reidel Pub. Co.,
c1977
|
| Σειρά: | Mathematics and its applications ;
; 1 |
| Θέματα: | |
| Ετικέτες: |
Προσθήκη ετικέτας
Δεν υπάρχουν, Καταχωρήστε ετικέτα πρώτοι!
|
MARC
| LEADER | 00000cam a2200000 i 4500 | ||
|---|---|---|---|
| 001 | 1/30968 | ||
| 008 | 941103s1977 eng d | ||
| 020 | |a 9027708142 | ||
| 035 | |l 10038705 | ||
| 040 | |a GR-MY-UA |b gre |e aacr | ||
| 041 | 0 | |a eng | |
| 082 | 0 | |a 510.1 | |
| 100 | 1 | |a Kuyk, Willem. | |
| 245 | 1 | 0 | |a Complementarity in mathematics : |b a first introduction to the foundations of mathematics and its history / |c Willem Kuyk |
| 260 | |a Dordrecht, Holland : |a Boston : |a Hingham, Mass. : |b D. Reidel Pub. Co., |b sold and distributed in the U.S.A., Canada, and Mexico by D. Reidel Pub. Co., |c c1977 | ||
| 300 | |a 186 p.; |c 23 cm | ||
| 490 | 1 | |a Mathematics and its applications |v ; 1 | |
| 500 | |a Includes indexes | ||
| 504 | |a Bibliography: p. [171]-177 | ||
| 650 | 0 | 0 | |a Mathematics |x Philosophy. |
| 650 | 0 | 0 | |a Mathematics |x History. |
| 830 | 0 | |a Mathematics and its applications ; |v ; 1 | |
| 852 | |a INST |b SAMOS |e 19941103 |h 510.1 KUY |p 005300007333 |q 005300007333 |t BK |y 0 | ||
| 909 | |a Σ |b 030464 | ||